000 01506cab a22002895a 4500
001 L150396
008 100707e20100216xxk f v 000 0 eng d
035 _a(Sirsi) u150396
041 0 _aeng
245 0 0 _aAustin v London Borough of Southwark
_h[electronic resource]
260 _c2009
520 _a[2010] UKSC 28, 23 June 2010. Concerned with whether firstly a secure tenancy ended on a breach of the conditions of a suspended possession order under Housing Act 1985 s82(2) and secondly whether the former tenant's right under s85(2)b of the 1985 Act to apply to postpone the date of possession thus reviving the secure tenancy survived his death and passed to his estate. "Held" appeal allowed. CA decision (See L150396) overturned.
590 _aKA
650 2 4 _aR(ON THE APPLICATION OF M) V SECRETARY OF STATE FOR WORK AND PENSIONS
650 2 4 _aAUSTIN V SOUTHWARK LBC
650 2 4 _aBRENT LBC V KNIGHTLEY
650 2 4 _aKNOWSLEY HOUSING TRUST V WHITE
650 2 4 _aKAY V LAMBETH LBC
650 2 4 _aEUROPEAN CONVENTION ON HUMAN RIGHTS PROTOCOL 1 ARTICLE 1
650 2 4 _aCIVIL PROCEDURE RULES 1998
650 2 4 _aHOUSING ACT 1985 S87
650 2 4 _aHOUSING ACT 1985 S85
651 4 _aEngland and Wales
_y1543-
690 _aPROPERTY-RESIDENTIAL PROPERTY-LEASEHOLD RESIDENTIAL PROPERTY-RESIDENTIAL LANDLORD AND TENANT-TENANCY AGREEMENTS
856 4 0 _uhttps://www.supremecourt.gov.uk/decided-cases/docs/UKSC_2009_0037_Judgment.pdf
_zView the case at www.supremecourt.gov.uk
942 _n0
999 _c82492
_d82492